00861nam a2200205 a 450000100100000000500170001000800410002704000250006808200160009310000300010924500960013926000430023530000250027849000170030350400310032059000750035183000240042695201880045099900170063800003482920200930073929.0111020s1957 ag 000 0 spa d aDO-SdBNPbspacBNPHU axxxxaM552n1 aMerani, Alberto L.96034910aDel niño al hombre social :bun análisis de psicología infantil /cAlberto L. Merani. aBuenos Aires :bNueva Visión,c1957. axi, 117 p. ;c21 cm.1 aInterciencia aBibliografía : p.110-117 aPerteneció a la biblioteca personal de Juan Isidro Jimenes Grullón 0aInterciencia960152 001050718MOaGRbGRcCTd2011-10-20iLF1l0oxxxx M552n p34829-10r2020-06-25w2020-06-25y1zPerteneció a la biblioteca personal de Juan Isidro Jimenes -GrullónZNo se presta c34320d34320